| 000 | 00748cam a2200277 4500 | ||
|---|---|---|---|
| 001 | J115120 | ||
| 008 | 000000n2001 000 0 eng u | ||
| 035 | _a(Sirsi) u115120 | ||
| 041 | _aeng | ||
| 050 | _a332.6324 | ||
| 110 |
_aDTZ Research _93886 |
||
| 245 | _aMoney into property 2001 | ||
| 250 | _a26th ed. | ||
| 260 |
_aLondon _bDTZ Research _c2001 |
||
| 300 |
_a49p. _c30cm. |
||
| 350 | _a0.00 | ||
| 650 | _aBANKS | ||
| 650 | _aFOREIGN INVESTMENT | ||
| 650 | _aINSTITUTIONAL INVESTMENT | ||
| 650 | _aDTZ MONEY INTO PROPERTY | ||
| 650 | _aPROPERTY COMPANIES | ||
| 650 | _aPROPERTY FINANCE | ||
| 650 | _aPROPERTY INVESTMENT | ||
| 690 | _aPROPERTY-COMMERCIAL PROPERTY-COMMERCIAL PROPERTY FINANCE AND INVESTMENT | ||
| 942 | _n0 | ||
| 999 |
_c101712 _d101712 |
||